[Event "Forcing Moves Winter-2 U2000"]
[Site "Mississauga CAN"]
[Date "2023.02.26"]
[Round "4.6"]
[White "Deepak, Laksshana"]
[Black "Surya, Dania"]
[Result "1-0"]
[WhiteElo "1683"]
[BlackElo "1568"]
[PlyCount "59"]
[EventDate "2023.02.25"]
[EventType "swiss"]
[EventRounds "5"]
[EventCountry "CAN"]

1. e4 d5 2. exd5 Qxd5 3. Nc3 Qa5 4. d4 Nf6 5. Bc4 Bf5 6. Bd2 c6 7. Nf3 Nbd7 8.
Qe2 Qc7 9. Bb3 e6 10. Nh4 Bg6 11. O-O-O O-O-O 12. g3 Bd6 13. Nxg6 hxg6 14. f3
Qb8 15. Ne4 Bc7 16. Bb4 Nxe4 17. fxe4 a5 18. Bc3 Nf6 19. d5 exd5 20. Bxf6 gxf6
21. exd5 cxd5 22. Bxd5 Rhf8 23. Be6+ Rd7 24. Bxd7+ Kd8 25. Rhe1 Be5 26. Bb5+
Ke7 27. Rd7+ Ke6 28. Qc4+ Kf5 29. Rf1+ Kg5 30. Qh4# 1-0

[Event "Forcing Moves Winter-2 U2000"]
[Site "Mississauga CAN"]
[Date "2023.02.26"]
[Round "5.1"]
[White "Zhao, Jifan"]
[Black "Brajkovic, Nikola"]
[Result "1/2-1/2"]
[WhiteElo "1754"]
[BlackElo "1899"]
[PlyCount "120"]
[EventDate "2023.02.25"]
[EventType "swiss"]
[EventRounds "5"]
[EventCountry "CAN"]

1. e4 d6 2. d4 g6 3. Nc3 Bg7 4. Nge2 c6 5. a4 Nd7 6. g3 e5 7. Be3 Ne7 8. Bg2
O-O 9. O-O Qc7 10. f4 f5 11. fxe5 dxe5 12. dxe5 Nxe5 13. Bg5 h6 14. Bxe7 Qxe7
15. Nf4 Kh7 16. Qe2 Bd7 17. exf5 Bxf5 18. Be4 Rae8 19. Bxf5 Rxf5 20. Kh1 Nf7
21. Qxe7 Rxe7 22. Nfe2 Nd6 23. g4 Rxf1+ 24. Rxf1 Nc4 25. b3 Ne3 26. Rf3 Nxc2
27. Rf4 Ne3 28. h3 Nd5 29. Re4 Rd7 30. Nxd5 cxd5 31. Re3 Bf6 32. Rd3 b6 33. Nf4
d4 34. Kg2 Bg5 35. Kf3 Bf6 36. Ke4 Re7+ 37. Kd5 Rc7 38. Ne6 Rc3 39. Ke4 Kg8 40.
Nxd4 Rc5 41. Nf3 Rc7 42. Kd5 Kf7 43. Ne5+ Bxe5 44. Kxe5 Ke7 45. Re3 Rd7 46. Rc3
Kf7 47. b4 Re7+ 48. Kd5 Kf6 49. b5 Kg5 50. Kd6 Re4 51. Ra3 Rc4 52. a5 Rc5 53.
Rb3 h5 54. gxh5 Kxh5 55. a6 Kh4 56. Re3 Rxb5 57. Kc6 Rf5 58. Re7 Rf6+ 59. Kb7
g5 60. Kxa7 Kg3 1/2-1/2

[Event "Forcing Moves Winter-2 U2000"]
[Site "Mississauga CAN"]
[Date "2023.02.26"]
[Round "5.2"]
[White "Lakhani, Riyaan"]
[Black "Singh Dhaliwal, Jaipreet"]
[Result "0-1"]
[WhiteElo "1829"]
[BlackElo "1939"]
[PlyCount "114"]
[EventDate "2023.02.25"]
[EventType "swiss"]
[EventRounds "5"]
[EventCountry "CAN"]

1. d4 Nf6 2. c4 g6 3. f3 Bg7 4. e4 d6 5. Ne2 O-O 6. Nbc3 Nbd7 7. Be3 c5 8. d5
a6 9. Qd2 Rb8 10. Nf4 Qa5 11. h4 Ne5 12. h5 b5 13. hxg6 fxg6 14. Ne6 b4 15. Nd1
Bxe6 16. dxe6 Qc7 17. Bh6 Qc8 18. Bxg7 Kxg7 19. Qh6+ Kg8 20. Ne3 Qxe6 21. O-O-O
Qf7 22. Be2 Qg7 23. Qh2 Nc6 24. Nd5 Nd4 25. Bd3 e5 26. Rd2 a5 27. Kb1 a4 28.
Rdd1 Nxd5 29. exd5 a3 30. b3 e4 31. Bxe4 Ne2 32. Rd2 Nc3+ 33. Kc1 Rb7 34. Bb1
Rd7 35. Re1 Re7 36. Re6 Rfe8 37. Qxd6 Qh6 38. Bc2 Nxa2+ 39. Kd1 Qh1+ 40. Ke2
Qxg2+ 41. Ke3 Qg5+ 42. Ke2 Nc3+ 43. Kf1 a2 44. f4 Qg4 45. Rxe7 a1=Q+ 46. Rd1
Qh3+ 47. Kg1 Qg3+ 48. Kf1 Qf3+ 49. Ke1 Qaxd1+ 50. Bxd1 Qxd1+ 51. Kf2 Qd4+ 52.
Kf3 Qd3+ 53. Kf2 Ne4+ 54. Rxe4 Qxe4 55. Qxc5 Qxf4+ 56. Kg2 Re2+ 57. Kg1 Qc1#
0-1

[Event "Forcing Moves Winter-2 U2000"]
[Site "Mississauga CAN"]
[Date "2023.02.26"]
[Round "5.3"]
[White "Pham, Anthony"]
[Black "Zhong, Ryan Yunhui"]
[Result "1-0"]
[WhiteElo "1593"]
[BlackElo "1932"]
[PlyCount "79"]
[EventDate "2023.02.25"]
[EventType "swiss"]
[EventRounds "5"]
[EventCountry "CAN"]

1. e4 e6 2. d4 d5 3. Nc3 Nf6 4. e5 Nfd7 5. f4 c5 6. Nf3 Nc6 7. Be3 a6 8. Qd2 b5
9. dxc5 Bxc5 10. Qf2 Qb6 11. Bxc5 Nxc5 12. Bd3 b4 13. Ne2 a5 14. O-O a4 15.
Ned4 Nxd4 16. Qxd4 Ba6 17. Rac1 Nd7 18. Bxa6 Qxa6 19. c4 bxc3 20. Rxc3 O-O 21.
Rf2 Qa5 22. Rfc2 Ra7 23. Qd3 f6 24. h3 Qb6+ 25. Kh1 Qb8 26. Nd4 Qe8 27. Rc6 Nb8
28. Rxe6 Qd8 29. Rd6 Qa5 30. Ne6 Re8 31. Rxd5 Qe1+ 32. Kh2 Rae7 33. Nc7 Rf8 34.
Rd8 Qb4 35. Qd5+ Ref7 36. Rxf8+ Qxf8 37. Ne6 Qe8 38. Nd8 Nd7 39. Nxf7 Qxf7 40.
e6 1-0

[Event "Forcing Moves Winter-2 U2000"]
[Site "Mississauga CAN"]
[Date "2023.02.26"]
[Round "5.4"]
[White "Deshpande, Sarthak"]
[Black "Deepak, Laksshana"]
[Result "1/2-1/2"]
[WhiteElo "1867"]
[BlackElo "1683"]
[PlyCount "78"]
[EventDate "2023.02.25"]
[EventType "swiss"]
[EventRounds "5"]
[EventCountry "CAN"]

1. d4 Nf6 2. c4 g6 3. Nc3 d5 4. cxd5 Nxd5 5. Bd2 Bg7 6. e4 Nxc3 7. Bxc3 O-O 8.
Nf3 Nd7 9. Be2 Nf6 10. Qc2 c6 11. O-O Qc7 12. Bd2 Bg4 13. Be3 Bxf3 14. Bxf3
Rac8 15. Rac1 Qb8 16. Qb3 e6 17. Rfd1 h6 18. Qa3 b6 19. Qa4 Qb7 20. Rc3 Nd7 21.
e5 b5 22. Qc2 Nb8 23. Rc1 Rfd8 24. g3 Kf8 25. Bxc6 Nxc6 26. Rxc6 Rxc6 27. Qxc6
Qxc6 28. Rxc6 Rd7 29. Kf1 g5 30. Ke2 Ke7 31. Rc5 Rb7 32. Kd3 Kd7 33. Kc3 Bf8
34. b4 Bxc5 35. bxc5 Kc6 36. Kb4 a6 37. Ka5 Rb8 38. a3 Kb7 39. Kb4 Kc6 1/2-1/2

[Event "Forcing Moves Winter-2 U2000"]
[Site "Mississauga CAN"]
[Date "2023.02.26"]
[Round "5.5"]
[White "Suresh, Pavan"]
[Black "Zhong, April Yunwei"]
[Result "0-1"]
[WhiteElo "1515"]
[BlackElo "1743"]
[PlyCount "138"]
[EventDate "2023.02.25"]
[EventType "swiss"]
[EventRounds "5"]
[EventCountry "CAN"]

1. d4 d5 2. c4 dxc4 3. Nc3 Nf6 4. e3 e6 5. Bxc4 a6 6. Nf3 b5 7. Bd3 Bb7 8. a3
c5 9. O-O Be7 10. dxc5 Bxc5 11. b4 Be7 12. Qe2 O-O 13. Rd1 Qc7 14. Bb2 Nc6 15.
Rac1 Rfd8 16. Qc2 h6 17. Ne2 Qb6 18. Ned4 Rac8 19. Qb3 Nd5 20. Nxc6 Bxc6 21.
Bd4 Qb7 22. Ne5 Nf6 23. Nxc6 Rxc6 24. Rc2 Rxc2 25. Qxc2 Rd5 26. Rc1 Rd8 27. f4
Qd7 28. Qc6 Nd5 29. Qxd7 Rxd7 30. Kf2 Nxf4 31. Rc8+ Bf8 32. Bb1 Nd5 33. Bc5 Ne7
34. Re8 f5 35. Bxe7 Rxe7 36. Ra8 Rd7 37. Rxa6 Rd1 38. Rxe6 Rxb1 39. Re5 Rb3 40.
Rxf5 Rxa3 41. Rxb5 Rb3 42. Kf3 Rxb4 43. Rxb4 Bxb4 44. Kg4 Kf7 45. Kf5 Bc3 46.
e4 g6+ 47. Kf4 Kf6 48. h3 Bd2+ 49. Kg4 Ke5 50. Kf3 Bg5 51. g3 Bc1 52. h4 Bd2
53. g4 Bc1 54. h5 g5 55. Kg3 Kxe4 56. Kh2 Kf4 57. Kh3 Ba3 58. Kg2 Kxg4 59. Kh2
Kxh5 60. Kh3 g4+ 61. Kg3 Bd6+ 62. Kg2 Kg5 63. Kf2 h5 64. Kg2 h4 65. Kf2 g3+ 66.
Kg2 Kg4 67. Kh1 h3 68. Kg1 Bc5+ 69. Kh1 g2+ 0-1

[Event "Forcing Moves Winter-2 U2000"]
[Site "Mississauga CAN"]
[Date "2023.02.26"]
[Round "5.6"]
[White "Surya, Dania"]
[Black "Li, Ethan"]
[Result "1/2-1/2"]
[WhiteElo "1568"]
[BlackElo "1570"]
[PlyCount "83"]
[EventDate "2023.02.25"]
[EventType "swiss"]
[EventRounds "5"]
[EventCountry "CAN"]

1. e4 e5 2. Nf3 Nc6 3. Bc4 Bc5 4. c3 Nf6 5. d3 O-O 6. O-O Be7 7. Nbd2 d6 8. Re1
Na5 9. Bb5 a6 10. Ba4 b5 11. Bc2 c5 12. h3 Qb6 13. Nf1 Ne8 14. d4 exd4 15. cxd4
Bb7 16. Ne3 g6 17. b3 cxd4 18. Qxd4 Qxd4 19. Nxd4 Bf6 20. Bb2 Nc6 21. Rad1 Rc8
22. Bb1 Be5 23. Nd5 Kg7 24. f4 Nxd4 25. Bxd4 Bxd5 26. fxe5 dxe5 27. Bxe5+ f6
28. exd5 fxe5 29. Rxe5 Nc7 30. d6 Rcd8 31. Re7+ Rf7 32. Rf1 Rxe7 33. dxe7 Re8
34. Re1 Kf7 35. Kf2 Rxe7 36. Rxe7+ Kxe7 37. Be4 Kf6 38. Ke3 Ke5 39. g3 Ne6 40.
b4 Nd4 41. h4 Ne2 42. Bb7 1/2-1/2

[Event "Forcing Moves Winter-3"]
[Site "Mississauga CAN"]
[Date "2023.03.17"]
[Round "1.1"]
[White "Siegel, Adam"]
[Black "Bhat, Vaibhav"]
[Result "0-1"]
[WhiteElo "1955"]
[BlackElo "2156"]
[PlyCount "84"]
[EventDate "2023.03.17"]
[EventType "swiss"]
[EventRounds "6"]
[EventCountry "CAN"]

1. d4 Nf6 2. c4 e6 3. Nf3 d5 4. g3 Bb4+ 5. Bd2 Be7 6. Bg2 O-O 7. Qc2 Nbd7 8. c5
c6 9. O-O b6 10. b4 a5 11. b5 bxc5 12. bxc6 Nb8 13. dxc5 Nxc6 14. a4 Ne4 15.
Be3 Nb4 16. Qc1 Ba6 17. Nd4 Nxc5 18. Nd2 Rc8 19. f4 Bf6 20. Qd1 Qd7 21. Bf3
Rfe8 22. h3 Nc6 23. Nxc6 Bxa1 24. Qxa1 Qxc6 25. Bd4 f6 26. Qa3 Nxa4 27. Ra1 Nc3
28. Kf2 Nb5 29. Qxa5 Nxd4 30. Qxa6 Nxf3 31. Nxf3 Qxa6 32. Rxa6 Rc4 33. Rd6 Kf7
34. Rd7+ Re7 35. Rd8 Rb7 36. f5 exf5 37. Rxd5 f4 38. gxf4 Rxf4 39. Kg3 Re4 40.
Nd4 Rb4 41. Nc6 Rb3+ 42. Kf2 Rxh3 0-1

[Event "Forcing Moves Winter-3"]
[Site "Mississauga CAN"]
[Date "2023.03.17"]
[Round "1.2"]
[White "Douglas, Richard"]
[Black "Zhong, Ryan Yunhui"]
[Result "0-1"]
[WhiteElo "2073"]
[BlackElo "1940"]
[PlyCount "74"]
[EventDate "2023.03.17"]
[EventType "swiss"]
[EventRounds "6"]
[EventCountry "CAN"]

1. f4 d5 2. Nf3 c5 3. e3 Nc6 4. Bb5 Bg4 5. O-O e6 6. d3 Bd6 7. Bxc6+ bxc6 8. e4
Ne7 9. c4 O-O 10. Nc3 Qb6 11. h3 Bxf3 12. Qxf3 Rad8 13. b3 Qa5 14. Na4 Bc7 15.
Qf2 dxc4 16. Bd2 c3 17. Bxc3 Qb5 18. Nxc5 Bb6 19. d4 Bxc5 20. dxc5 Qd3 21. Qe1
Qb5 22. b4 Rd3 23. Be5 Nc8 24. a3 Rfd8 25. Qh4 f6 26. Bxf6 gxf6 27. Qxf6 Qc4
28. Qg5+ Kh8 29. f5 Qd4+ 30. Kh1 Qg7 31. Qf4 Rd2 32. g4 e5 33. Qg3 R8d3 34. Qh4
Qf7 35. g5 Qb3 36. Qe1 Rxh3+ 37. Kg1 Rh1+ 0-1

[Event "Forcing Moves Winter-3"]
[Site "Mississauga CAN"]
[Date "2023.03.17"]
[Round "1.3"]
[White "Qian, Eric"]
[Black "Lu, Tony"]
[Result "1/2-1/2"]
[WhiteElo "1896"]
[BlackElo "2036"]
[PlyCount "114"]
[EventDate "2023.03.17"]
[EventType "swiss"]
[EventRounds "6"]
[EventCountry "CAN"]

1. e4 e6 2. d4 d5 3. Nd2 Nf6 4. e5 Nfd7 5. Bd3 c5 6. c3 Nc6 7. Ne2 cxd4 8. cxd4
f6 9. exf6 Nxf6 10. O-O Bd6 11. Nf3 O-O 12. Bf4 Bxf4 13. Nxf4 Ne4 14. Qc1 Ng5
15. Nxg5 Qxg5 16. Ne2 Qxc1 17. Raxc1 a6 18. Rfd1 Bd7 19. a3 Rac8 20. Rc3 Ne7
21. Rdc1 Rxc3 22. Rxc3 Rc8 23. Rxc8+ Nxc8 24. f3 Nd6 25. b3 Bb5 26. Bxb5 Nxb5
27. a4 Na7 28. Kf2 Nc6 29. Ke3 Kf7 30. h4 Ke7 31. Kd3 Kd6 32. h5 e5 33. dxe5+
Kxe5 34. Nc3 Nb4+ 35. Kd2 d4 36. Ne4 b6 37. Nf2 Kf4 38. Nd3+ Nxd3 39. Kxd3 Kg3
40. Kxd4 Kxg2 41. f4 Kf3 42. f5 h6 43. Kd5 Kg4 44. Kc6 Kxf5 45. Kxb6 Kg5 46.
Kxa6 Kxh5 47. b4 g5 48. b5 g4 49. b6 g3 50. b7 g2 51. b8=Q g1=Q 52. Qe8+ Kh4
53. Qe4+ Kg5 54. Qe5+ Kg6 55. Qe6+ Kh5 56. Qe5+ Kg6 57. Qe6+ Kh5 1/2-1/2

[Event "Forcing Moves Winter-3"]
[Site "Mississauga CAN"]
[Date "2023.03.17"]
[Round "1.4"]
[White "Brajkovic, Nikola"]
[Black "Jiang, Hancy"]
[Result "0-1"]
[WhiteElo "2017"]
[BlackElo "1869"]
[PlyCount "120"]
[EventDate "2023.03.17"]
[EventType "swiss"]
[EventRounds "6"]
[EventCountry "CAN"]

1. e4 c6 2. d4 d5 3. Bd3 dxe4 4. Bxe4 Nf6 5. Bf3 Bf5 6. Ne2 e6 7. O-O Nbd7 8.
b3 Bd6 9. c4 Qc7 10. g3 O-O 11. Nbc3 Rfd8 12. Be3 a6 13. Bg2 c5 14. Qc1 Rac8
15. Rd1 Ng4 16. Ne4 Nxe3 17. Nxd6 Nxd1 18. Nxc8 Qxc8 19. Qxd1 cxd4 20. Qxd4 Nc5
21. Qc3 Rd3 22. Qa5 h6 23. Nf4 Rd6 24. Bf3 b6 25. Qe1 Qd8 26. Rd1 Rxd1 27. Qxd1
Qxd1+ 28. Bxd1 Bb1 29. b4 Nb7 30. Bb3 Nd6 31. Ng2 Ne4 32. Ne3 Kf8 33. Bc2 Bxc2
34. Nxc2 Ke7 35. Ne3 Kd6 36. f3 Nc3 37. a3 Nb1 38. Nc2 Nd2 39. Ne3 Nxf3+ 40.
Kg2 Ng5 41. Kf2 Ke5 42. Nc2 Ke4 43. Ke2 Nf3 44. a4 Nd4+ 45. Kd2 Nxc2 46. Kxc2
Kd4 47. Kb3 a5 48. c5 bxc5 49. bxa5 Kd5 50. a6 Kc6 51. a5 Kc7 52. Kc4 Kb8 53.
Kxc5 e5 54. Kb5 Ka7 55. h3 f5 56. Kc4 Kxa6 57. Kd5 e4 58. Kd4 Kxa5 59. Ke3 Kb4
60. Kf4 Kc3 0-1

[Event "Forcing Moves Winter-3"]
[Site "Mississauga CAN"]
[Date "2023.03.17"]
[Round "1.5"]
[White "Lakhani, Riyaan"]
[Black "Singh Dhaliwal, Jaipreet"]
[Result "0-1"]
[WhiteElo "1848"]
[BlackElo "1958"]
[PlyCount "68"]
[EventDate "2023.03.17"]
[EventType "swiss"]
[EventRounds "6"]
[EventCountry "CAN"]

1. d4 Nf6 2. c4 g6 3. f3 Bg7 4. e4 d6 5. Ne2 O-O 6. Nec3 c5 7. d5 Nbd7 8. Be3
a6 9. a4 Ne5 10. Be2 e6 11. O-O exd5 12. cxd5 Ne8 13. Nd2 f5 14. Kh1 f4 15. Bg1
Nf6 16. Nc4 Nh5 17. Qe1 g5 18. Nxe5 Bxe5 19. Bf2 Kh8 20. Rg1 Qf6 21. h3 Ng3+
22. Kh2 h5 23. Bf1 Rf7 24. Ra2 Rg7 25. Qd2 g4 26. Be1 Bd4 27. Rh1 Nxh1 28. Kxh1
gxh3 29. Bf2 hxg2+ 30. Bxg2 Bxf2 31. Qxf2 Bd7 32. Qe1 Rag8 33. b3 Rg3 34. Kg1
Bh3 0-1

[Event "Forcing Moves Winter-3"]
[Site "Mississauga CAN"]
[Date "2023.03.18"]
[Round "2.1"]
[White "Bhat, Vaibhav"]
[Black "Zhong, Ryan Yunhui"]
[Result "1-0"]
[WhiteElo "2156"]
[BlackElo "1940"]
[PlyCount "75"]
[EventDate "2023.03.17"]
[EventType "swiss"]
[EventRounds "6"]
[EventCountry "CAN"]

1. d4 d5 2. c4 dxc4 3. e3 Nf6 4. Bxc4 a6 5. Bb3 e6 6. Nf3 b5 7. a4 b4 8. Nbd2
c5 9. O-O Bb7 10. Qe2 Nc6 11. Rd1 Be7 12. dxc5 Qc7 13. Nc4 Bxc5 14. Bc2 O-O 15.
b3 Na5 16. Nxa5 Qxa5 17. Bb2 Be7 18. Ne5 Rad8 19. Bd4 Nd7 20. Nc4 Qg5 21. e4
Nc5 22. Be3 Qh4 23. f3 Nd7 24. Na5 Ba8 25. Qxa6 Bg5 26. Bf2 Qh5 27. Qb5 Rc8 28.
Bd3 Nf6 29. Qxb4 Bf4 30. h3 Rfd8 31. Nc4 Bxe4 32. Bxe4 Rxd1+ 33. Rxd1 Nxe4 34.
Qb7 Rf8 35. Qxe4 Bc7 36. Qg4 Qh6 37. Be3 Qf6 38. Qg5 1-0

[Event "Forcing Moves Winter-3"]
[Site "Mississauga CAN"]
[Date "2023.03.18"]
[Round "2.2"]
[White "Singh Dhaliwal, Jaipreet"]
[Black "Jiang, Hancy"]
[Result "1-0"]
[WhiteElo "1958"]
[BlackElo "1869"]
[PlyCount "69"]
[EventDate "2023.03.17"]
[EventType "swiss"]
[EventRounds "6"]
[EventCountry "CAN"]

1. e4 c6 2. d4 d5 3. e5 Bf5 4. Nf3 e6 5. Be2 Ne7 6. O-O Bg6 7. Nbd2 Nf5 8. Nb3
Be7 9. g4 Nh4 10. Nxh4 Bxh4 11. f4 f5 12. Nc5 Qe7 13. Bd2 b6 14. Nd3 fxg4 15.
Bxg4 h5 16. f5 exf5 17. Bxf5 Bxf5 18. Rxf5 g6 19. Rf3 a5 20. Qe2 Ra7 21. Raf1
Qg7 22. c3 Re7 23. e6 Qg8 24. Rf7 Rh7 25. Rf8+ Qxf8 26. Rxf8+ Kxf8 27. Bf4 Re8
28. Bxb8 Rxb8 29. Qe5 Re8 30. Qf4+ Kg8 31. Qxh4 Rxe6 32. Qd8+ Kf7 33. Ne5+ Kg7
34. Qd7+ Kf6 35. Qxh7 1-0

[Event "Forcing Moves Winter-3"]
[Site "Mississauga CAN"]
[Date "2023.03.18"]
[Round "2.3"]
[White "Lu, Tony"]
[Black "Douglas, Richard"]
[Result "1-0"]
[WhiteElo "2036"]
[BlackElo "2073"]
[PlyCount "51"]
[EventDate "2023.03.17"]
[EventType "swiss"]
[EventRounds "6"]
[EventCountry "CAN"]

1. e4 e6 2. d4 d5 3. Nd2 c5 4. c3 cxd4 5. cxd4 Nc6 6. Ngf3 Bb4 7. Bb5 dxe4 8.
Ne5 Bd7 9. Qa4 e3 10. fxe3 Qh4+ 11. Kd1 Nxe5 12. Qxb4 Qg4+ 13. Nf3 Qxg2 14. Rf1
Nc6 15. Qd2 Qxd2+ 16. Bxd2 Nf6 17. Bd3 O-O-O 18. Ke2 Rhe8 19. Bc3 Nd5 20. Ng5
e5 21. Nxf7 Bg4+ 22. Kd2 exd4 23. Bxd4 Nxd4 24. exd4 Ne3 25. Rfc1+ Kd7 26. Bb5+
1-0

[Event "Forcing Moves Winter-3"]
[Site "Mississauga CAN"]
[Date "2023.03.18"]
[Round "2.4"]
[White "Brajkovic, Nikola"]
[Black "Qian, Eric"]
[Result "1-0"]
[WhiteElo "2017"]
[BlackElo "1896"]
[PlyCount "73"]
[EventDate "2023.03.17"]
[EventType "swiss"]
[EventRounds "6"]
[EventCountry "CAN"]

1. e4 c5 2. Nf3 d6 3. d4 cxd4 4. Nxd4 Nf6 5. Nc3 a6 6. h3 e6 7. Be3 Be7 8. Bd3
Qc7 9. a3 b5 10. O-O Bb7 11. Qe2 Nc6 12. f4 O-O 13. Nb3 Rfd8 14. Nd1 Rac8 15.
c3 e5 16. Qf2 Qb8 17. Qe2 d5 18. exd5 Nxd5 19. Bf5 Nxe3 20. Nxe3 Rc7 21. fxe5
Nxe5 22. Bxh7+ Kxh7 23. Qh5+ Kg8 24. Qxe5 Bd6 25. Qg5 f6 26. Qg6 Bc6 27. Ng4
Qb6+ 28. Nd4 Be7 29. Nh6+ Kh8 30. Nf7+ Kg8 31. Nxd8 Bxd8 32. Rae1 Be7 33. Kh1
Bd5 34. Nf5 Bf8 35. Re8 Qc5 36. b4 Qc6 37. Nh6+ 1-0

[Event "Forcing Moves Winter-3"]
[Site "Mississauga CAN"]
[Date "2023.03.18"]
[Round "3.1"]
[White "Singh Dhaliwal, Jaipreet"]
[Black "Bhat, Vaibhav"]
[Result "1/2-1/2"]
[WhiteElo "1958"]
[BlackElo "2156"]
[PlyCount "98"]
[EventDate "2023.03.17"]
[EventType "swiss"]
[EventRounds "6"]
[EventCountry "CAN"]

1. e4 c6 2. d4 d5 3. e5 Bf5 4. Nf3 e6 5. Be2 c5 6. O-O Nc6 7. c3 cxd4 8. Nxd4
Nge7 9. Nxf5 Nxf5 10. Bd3 g6 11. Re1 Bg7 12. Bxf5 gxf5 13. f4 Qb6+ 14. Kh1 O-O
15. Nd2 Na5 16. b4 Nc6 17. Nf3 f6 18. Be3 Qc7 19. Nd4 Nxd4 20. Bxd4 fxe5 21.
Rxe5 Bxe5 22. Bxe5 Qf7 23. Qe2 h5 24. Rf1 Kh7 25. Rf3 Rg8 26. Rh3 Rg4 27. a4
Rc8 28. a5 Rc4 29. Qf2 Re4 30. Rd3 Qg6 31. h3 Rxe5 32. fxe5 Re4 33. Qxa7 Re2
34. Qg1 f4 35. Rf3 Qe4 36. Qb6 Qg6 37. Qg1 Qg5 38. Qf1 Qxe5 39. Qb1+ Kh6 40.
Kh2 Qe4 41. Qf1 e5 42. b5 Re1 43. Qf2 Qb1 44. Qb6+ Kg5 45. Qd8+ Kf5 46. Qd7+
Kf6 47. Qd6+ Kf5 48. Qd7+ Kf6 49. Qd6+ Kf5 1/2-1/2

[Event "Forcing Moves Winter-3"]
[Site "Mississauga CAN"]
[Date "2023.03.18"]
[Round "3.2"]
[White "Zhong, Ryan Yunhui"]
[Black "Lu, Tony"]
[Result "1-0"]
[WhiteElo "1940"]
[BlackElo "2036"]
[PlyCount "69"]
[EventDate "2023.03.17"]
[EventType "swiss"]
[EventRounds "6"]
[EventCountry "CAN"]

1. e4 e6 2. d4 d5 3. Nd2 Nf6 4. e5 Nfd7 5. Bd3 c5 6. c3 Nc6 7. Ne2 cxd4 8. cxd4
f6 9. exf6 Nxf6 10. O-O Bd6 11. Nf3 O-O 12. Nc3 a6 13. Be3 Qc7 14. a3 Bd7 15.
h3 Rac8 16. Rc1 b5 17. Re1 Qb8 18. Bg5 Na5 19. Ne5 Be8 20. Bxf6 Rxf6 21. Ng4
Rf7 22. Rxe6 Bd7 23. Rh6 gxh6 24. Nxh6+ Kg7 25. Nxf7 Kxf7 26. Qh5+ Kf8 27. Qh6+
Ke8 28. Qf6 Nc6 29. Re1+ Ne7 30. Qh8+ Kf7 31. Qxh7+ Kf8 32. Rxe7 Bxe7 33. Bg6
Be6 34. Qh8+ Bg8 35. Qh6# 1-0

[Event "Forcing Moves Winter-3"]
[Site "Mississauga CAN"]
[Date "2023.03.18"]
[Round "3.3"]
[White "Jiang, Hancy"]
[Black "Lakhani, Riyaan"]
[Result "1/2-1/2"]
[WhiteElo "1869"]
[BlackElo "1848"]
[PlyCount "119"]
[EventDate "2023.03.17"]
[EventType "swiss"]
[EventRounds "6"]
[EventCountry "CAN"]

1. Nf3 Nf6 2. d4 g6 3. c4 Bg7 4. Nc3 O-O 5. e4 d6 6. Be2 e5 7. dxe5 dxe5 8.
Qxd8 Rxd8 9. Bg5 Na6 10. Nxe5 Re8 11. O-O-O h6 12. Bf4 Nxe4 13. Nxe4 Bxe5 14.
Bxe5 Rxe5 15. Rd8+ Kg7 16. Bf3 Rb8 17. Nc3 c6 18. Rhd1 Bf5 19. Rxb8 Nxb8 20.
Rd8 Nd7 21. Ra8 a6 22. Ra7 Nc5 23. b4 Nd3+ 24. Kd2 Nxb4 25. Rxb7 a5 26. g4 Be6
27. a3 Na6 28. Be2 Nc5 29. Rb6 Bd7 30. Kc2 Kf6 31. Bf3 Re6 32. Ne2 Rd6 33. Nc3
Ke5 34. h3 g5 35. Be2 f5 36. Rb8 fxg4 37. hxg4 Rf6 38. f3 Kd4 39. Ra8 Be6 40.
Rxa5 Rf8 41. Na4 Nxa4 42. Rxa4 Ke3 43. Bd1 Rf4 44. Kc3 Rd4 45. c5 Rxa4 46. Bxa4
Kxf3 47. Bxc6+ Kxg4 48. Bb7 Kf4 49. a4 g4 50. a5 g3 51. Kd2 Bc8 52. a6 g2 53.
Bxg2 Bxa6 54. Kc3 h5 55. Kb4 Kg3 56. Bd5 h4 57. c6 h3 58. c7 h2 59. Ka5 Bc8 60.
Kb6 1/2-1/2

[Event "Forcing Moves Winter-3"]
[Site "Mississauga CAN"]
[Date "2023.03.18"]
[Round "3.4"]
[White "Qian, Eric"]
[Black "Douglas, Richard"]
[Result "1-0"]
[WhiteElo "1896"]
[BlackElo "2073"]
[PlyCount "89"]
[EventDate "2023.03.17"]
[EventType "swiss"]
[EventRounds "6"]
[EventCountry "CAN"]

1. e4 e6 2. d4 d5 3. Nd2 c5 4. exd5 Qxd5 5. Ngf3 cxd4 6. Bc4 Qd6 7. O-O Nf6 8.
Nb3 Nc6 9. Nbxd4 Nxd4 10. Nxd4 a6 11. Re1 Be7 12. c3 O-O 13. Qf3 e5 14. Nf5
Bxf5 15. Qxf5 Rac8 16. Bb3 e4 17. Bg5 Rc5 18. Qf4 Qxf4 19. Bxf4 Rf5 20. Be3 Bd6
21. Rad1 Bc7 22. h3 Re8 23. Re2 Kf8 24. Rde1 Ra5 25. Bc4 Nd5 26. Bd4 Nb6 27.
Bb3 f5 28. f3 Na4 29. Bd1 Bg3 30. b4 Bxe1 31. Rxe1 Rd5 32. Bxa4 b5 33. Bb3 Rxd4
34. cxd4 e3 35. Kf1 f4 36. Ke2 Ke7 37. g3 fxg3 38. Rg1 Kf6 39. Rxg3 g5 40. Rg4
a5 41. bxa5 Ra8 42. Kxe3 Rxa5 43. Re4 h5 44. d5 Ra7 45. Re6+ 1-0

[Event "Forcing Moves Winter-3"]
[Site "Mississauga CAN"]
[Date "2023.03.18"]
[Round "4.1"]
[White "Zhong, Ryan Yunhui"]
[Black "Singh Dhaliwal, Jaipreet"]
[Result "1-0"]
[WhiteElo "1940"]
[BlackElo "1958"]
[PlyCount "111"]
[EventDate "2023.03.17"]
[EventType "swiss"]
[EventRounds "6"]
[EventCountry "CAN"]

1. e4 e5 2. Nf3 Nf6 3. Nc3 Nc6 4. d4 exd4 5. Nxd4 Nxe4 6. Nxe4 Qe7 7. f3 d5 8.
Bb5 Bd7 9. Bxc6 bxc6 10. O-O dxe4 11. Re1 O-O-O 12. Rxe4 Qb4 13. Qe2 Qb6 14.
Be3 c5 15. Nb3 Be6 16. Ra4 Rd5 17. Ra6 Qb7 18. Rb1 Re5 19. Ra4 Bxb3 20. axb3
Bd6 21. f4 Re6 22. Rba1 Qd5 23. Rxa7 Kd7 24. Qg4 Qe4 25. Bf2 Qxf4 26. Qxf4 Bxf4
27. Bxc5 Re2 28. Rf1 Rxc2 29. Rxf4 Rxc5 30. Rxf7+ Kd6 31. Ra6+ c6 32. Rxg7 Rc1+
33. Kf2 Rc2+ 34. Kg1 Re8 35. h3 Ree2 36. Ra2 Kc5 37. Rg4 h5 38. Rc4+ Rxc4 39.
bxc4 Re7 40. Ra5+ Kxc4 41. Rxh5 Kb3 42. Rc5 Re6 43. g4 Kxb2 44. g5 Kb3 45. Rf5
Kb4 46. Rf6 Re5 47. Rf4+ Kc5 48. Rg4 Kd6 49. g6 Re8 50. h4 Rg8 51. h5 Ke6 52.
g7 Kf5 53. Rg2 Kf6 54. h6 Kf7 55. h7 Rxg7 56. h8=Q 1-0

[Event "Forcing Moves Winter-3"]
[Site "Mississauga CAN"]
[Date "2023.03.18"]
[Round "4.2"]
[White "Bhat, Vaibhav"]
[Black "Lakhani, Riyaan"]
[Result "1-0"]
[WhiteElo "2156"]
[BlackElo "1848"]
[PlyCount "125"]
[EventDate "2023.03.17"]
[EventType "swiss"]
[EventRounds "6"]
[EventCountry "CAN"]

1. d4 Nf6 2. c4 g6 3. Nc3 Bg7 4. g3 O-O 5. Bg2 d6 6. Nf3 Nc6 7. O-O a6 8. d5
Na5 9. Nd2 c5 10. Qc2 Rb8 11. b3 b5 12. Bb2 Bd7 13. Rab1 Qc8 14. Rfe1 Bh3 15.
Bh1 Ng4 16. Nd1 Bxb2 17. Nxb2 bxc4 18. Ndxc4 Qc7 19. Nd3 Nf6 20. Nd2 Rfc8 21.
Rbc1 Bd7 22. e4 Bb5 23. Nb2 Qd8 24. Bg2 Qf8 25. Qc3 Nb7 26. f4 Qg7 27. h3 Nh5
28. e5 Re8 29. Qf3 Qf8 30. g4 Ng7 31. a4 Bd7 32. Nbc4 Red8 33. Bf1 e6 34. Ne4
Ne8 35. Ncxd6 Nbxd6 36. exd6 exd5 37. Nxc5 Qxd6 38. Bxa6 Bc6 39. Bf1 Rb4 40.
Qc3 Qxf4 41. Nd3 Qg3+ 42. Bg2 Rb6 43. Ne5 Qxc3 44. Rxc3 Ba8 45. Nd7 Rd6 46. Nc5
d4 47. Rd3 Bxg2 48. Kxg2 Rd5 49. b4 Rb8 50. Re4 Rbd8 51. Nb3 Nc7 52. Rexd4 Rxd4
53. Rxd4 Re8 54. b5 Re2+ 55. Kf1 Rb2 56. b6 Ne6 57. Rb4 Nd4 58. b7 Rb1+ 59. Kf2
Rb2+ 60. Kg3 Ne2+ 61. Kf3 Ng1+ 62. Ke3 Re2+ 63. Kd3 1-0

[Event "Forcing Moves Winter-3"]
[Site "Mississauga CAN"]
[Date "2023.03.18"]
[Round "4.3"]
[White "Lu, Tony"]
[Black "Brajkovic, Nikola"]
[Result "1/2-1/2"]
[WhiteElo "2036"]
[BlackElo "2017"]
[PlyCount "87"]
[EventDate "2023.03.17"]
[EventType "swiss"]
[EventRounds "6"]
[EventCountry "CAN"]

1. e4 d6 2. d4 g6 3. Nf3 Bg7 4. Be3 c6 5. c4 Bg4 6. Be2 Nd7 7. Nc3 Qc7 8. Qd2
Bxf3 9. Bxf3 Rd8 10. O-O Ngf6 11. b4 O-O 12. Be2 b6 13. f4 e5 14. fxe5 dxe5 15.
d5 c5 16. b5 Ne8 17. Bd3 Nd6 18. Bh6 f6 19. Rf3 Rf7 20. Raf1 Rdf8 21. Bxg7 Rxg7
22. Kh1 Qd8 23. Qc2 Rff7 24. Nd1 Qe7 25. Nc3 Kh8 26. g4 g5 27. Ne2 Rg6 28. Ng3
Rf8 29. Kg2 Rh6 30. a4 Qd8 31. Nf5 Nxf5 32. exf5 Rh4 33. Rg3 Qe7 34. Be4 h5 35.
gxh5 Rxh5 36. Bf3 Rh4 37. Re1 Rf7 38. h3 Rd4 39. Be4 Rh7 40. Rg4 Qg7 41. Rg1
Rh5 42. Kg3 Qh7 43. Rh1 Rh4 44. Rh2 1/2-1/2